000 00662nam a2200217Ii 4500
001 9524
003 CO-ViMGA
008 241108s9999||||xx |||||||||||||| ||und||
020 _a9682410703
040 _aCO-ViMGA
_bspa
_erda
_cCO-ViMGA
041 0 _aunk
082 0 4 _a647.068 T689
100 1 _aFrancisco de la Torre
_954578
245 1 0 _aAdministración hotelera primer curso :
_bdivisión cuartos
264 1 _a[Lugar de publicación no identificado] : Trillas, 1982
300 _avolumen
336 _atext
_btxt
_2rdacontent
337 _aunmediated
_bn
_2rdamedia
338 _avolume
_bnc
_2rdacarrier
940 _aidficha_siabuc: 9311. -- ficha_no_siabuc:9524
999 _c51662
_d51662